En memoria de don José María Samper Brush : (Registro nro. 7350)
[ vista simple ]
| 000 -LEADER | |
|---|---|
| fixed length control field | 01134nam a22002057a 4500 |
| 003 - CONTROL NUMBER IDENTIFIER | |
| control field | OSt |
| 005 - DATE AND TIME OF LATEST TRANSACTION | |
| control field | 20210226125501.0 |
| 008 - FIXED-LENGTH DATA ELEMENTS--GENERAL INFORMATION | |
| fixed length control field | 210226b1996 ck ac||gr|||| 00| 0 spa d |
| 040 ## - CATALOGING SOURCE | |
| Original cataloging agency | CO-JMCR |
| Transcribing agency | CO-JMCR |
| 041 0# - LANGUAGE CODE | |
| Language code of text/sound track or separate title | spa |
| 082 04 - DEWEY DECIMAL CLASSIFICATION NUMBER | |
| Classification number | 923.7861 / |
| Item number | G491m |
| Edition number | 23 |
| 110 1# - MAIN ENTRY--CORPORATE NAME | |
| Corporate name or jurisdiction name as entry element | Gimnasio Moderno, |
| Relator term | autor |
| 9 (RLIN) | 14012 |
| 245 13 - TITLE STATEMENT | |
| Title | En memoria de don José María Samper Brush : |
| Remainder of title | 1856-1926 / |
| Statement of responsibility, etc. | Gimnasio Moderno |
| 250 ## - EDITION STATEMENT | |
| Edition statement | 2ª edición |
| 260 ## - PUBLICATION, DISTRIBUTION, ETC. | |
| Place of publication, distribution, etc. | [Bogotá] : |
| Name of publisher, distributor, etc. | Gimnasio Moderno, |
| Date of publication, distribution, etc. | 1996 |
| 300 ## - PHYSICAL DESCRIPTION | |
| Extent | 53 páginas : |
| Other physical details | ilustraciones, retrato en blanco y negro ; |
| Dimensions | 22 cm. |
| 505 0# - FORMATTED CONTENTS NOTE | |
| Title | Telegrama / |
| Statement of responsibility | Carlos E. Restrepo -- |
| Title | José María Samper Brush / |
| Statement of responsibility | Antonio Gómez Restrepo -- |
| Title | Discurso de don Augusto Nieto Caballero -- |
| -- | De don José María a don Tomás Samper -- |
| -- | Apuntes sobre educación / |
| Statement of responsibility | José María Samper -- |
| Title | Palabras de un alumno del Gimnasio / |
| Statement of responsibility | Eduardo Caballero Calderón -- |
| Title | Don José María Samper / |
| Statement of responsibility | Tomás Rueda Vargas -- |
| Title | Don José María Samper Brush / |
| Statement of responsibility | Luis Eduardo Nieto Caballero -- |
| Title | De don Tomás Samper A don José María |
| 600 14 - SUBJECT ADDED ENTRY--PERSONAL NAME | |
| Personal name | Samper Brush, José María, |
| Chronological subdivision | 1856-1926 |
| 9 (RLIN) | 14013 |
| 942 ## - ADDED ENTRY ELEMENTS (KOHA) | |
| Source of classification or shelving scheme | Dewey Decimal Classification |
| Koha item type | Books |
| Withdrawn status | Lost status | Source of classification or shelving scheme | Damaged status | Not for loan | Home library | Current library | Shelving location | Date acquired | Source of acquisition | Total Checkouts | Full call number | Barcode | Date last seen | Copy number | Price effective from | Koha item type |
|---|---|---|---|---|---|---|---|---|---|---|---|---|---|---|---|---|
| Dewey Decimal Classification | Biblioteca Pública José María del Castillo y Rada | Biblioteca Pública José María del Castillo y Rada | General Stacks | 02/25/2021 | Donación | 923.7861 / G491m | 201810651 | 05/16/2024 | Ej.1 | Books |